Natak aur rang parikalpana/ (Record no. 30600)

000 -LEADER
fixed length control field 00395nam a22001571a 4500
020 ## - INTERNATIONAL STANDARD BOOK NUMBER
ISBN 9788171240968
082 ## - DEWEY DECIMAL CLASSIFICATION NUMBER
Classification number H2007
Item number GIR/N
100 ## - MAIN ENTRY--AUTHOR NAME
Personal name Girish Rastogi
245 ## - TITLE STATEMENT
Title Natak aur rang parikalpana/
Statement of responsibility, etc by Girish Rastogi
260 ## - PUBLICATION, DISTRIBUTION, ETC. (IMPRINT)
Place of publication Varanasi:
Name of publisher Vishwavidyalaya,
Year of publication 1992.
300 ## - PHYSICAL DESCRIPTION
Number of Pages 100p.
650 ## - SUBJECT ADDED ENTRY--TOPICAL TERM
Topical Term Literature Hindi
650 ## - SUBJECT ADDED ENTRY--TOPICAL TERM
Topical Term Drama Hindi Study
650 ## - SUBJECT ADDED ENTRY--TOPICAL TERM
Topical Term Literature
942 ## - ADDED ENTRY ELEMENTS (KOHA)
Koha item type Book
Holdings
Withdrawn status Lost status Damaged status Not for loan Permanent Location Current Location Shelving location Date acquired Cost, normal purchase price Full call number Accession Number Cost, replacement price Price effective from Koha item type
        Sree Sankaracharya University of Sanskrit Sree Sankaracharya University of Sanskrit Stacks 08.01.2015 40.00 H200 7 GIR/N 034227 0.00 08.01.2015 Book